| 000 | 00930nam a2200289 i 4500 | ||
|---|---|---|---|
| 003 | DO-SdBNP | ||
| 005 | 20260209100955.0 | ||
| 007 | ta | ||
| 008 | 201217b2019 dr ||||| |||| 00| 0 spa d | ||
| 020 | _a9781078213844 | ||
| 040 |
_aDO-SdBNP _bspa _cBNPHU _erda |
||
| 041 | _aspa | ||
| 082 | 4 |
_axxx _bC957d _222 |
|
| 100 | 1 |
_aCruz, Sugel de la, _d1979- _977623 _4aut. _eautor |
|
| 242 | _cC957d | ||
| 245 | 1 | 0 |
_aDesnudando el alma / _cSugel de la Cruz ; prólogo, Alfonso Torres Ulloa. |
| 260 |
_aSanto Domingo : _b[s. n.], _c2019. |
||
| 300 |
_a97 páginas : _bilustraciones ; _c23 cm. |
||
| 336 |
_atexto _btxt _2rdacontent |
||
| 337 |
_asin mediación _bn _2rdamedia |
||
| 338 |
_avolumen _bnc _2rdacarrier |
||
| 500 | _aIncluye datos biográficos de la autora en las paginas 93-95 | ||
| 590 | _aInventariado, 2020 /LP | ||
| 700 | 1 |
_aTorres Ulloa, Alfonso, _eprologuista _958620 _4pr.. |
|
| 910 | _aLP | ||
| 942 |
_2ddc _cLBS1 |
||
| 999 |
_c49293 _d49293 |
||